header

Kickoff (Record no. 261055)

MARC details
000 -LEADER
fixed length control field 00223nam a22001097a 4500
020 ## - INTERNATIONAL STANDARD BOOK NUMBER
ISBN 970545073899
100 ## - MAIN ENTRY--AUTHOR NAME
Personal name Donna King
245 ## - TITLE STATEMENT
Title Kickoff
260 ## - PUBLICATION, DISTRIBUTION, ETC. (IMPRINT)
Place of publication New York
Name of publisher Scholastic
Year of publication 2007
300 ## - PHYSICAL DESCRIPTION
Number of Pages 158 pgs
942 ## - ADDED ENTRY ELEMENTS (KOHA)
Koha item type Long Loan Books

No items available.

© 2026 Rongo University
Contact us: librarian | system librarian | Rongo university